Textbook of Nursing Management and Leadership for BSc Nursing Students (Record no. 366899)

MARC details
000 -LEADER
fixed length control field 00567nam a22001937a 4500
005 - DATE AND TIME OF LATEST TRANSACTION
control field 20250614114755.0
008 - FIXED-LENGTH DATA ELEMENTS--GENERAL INFORMATION
fixed length control field 250603b |||||||| |||| 00| 0 eng d
020 ## - INTERNATIONAL STANDARD BOOK NUMBER
International Standard Book Number 978-93-94525-83-2
041 ## - LANGUAGE CODE
Language code of text/sound track or separate title English
082 ## - DEWEY DECIMAL CLASSIFICATION NUMBER
Edition number 2nd ed.
Classification number AD 610.6 BEE DB1377
100 ## - MAIN ENTRY--PERSONAL NAME
Author Beena MR
110 ## - MAIN ENTRY--CORPORATE NAME
Corporate name or jurisdiction name as entry element Hari Krishna GL
245 ## - TITLE STATEMENT
Title Textbook of Nursing Management and Leadership for BSc Nursing Students
250 ## - EDITION STATEMENT
Edition statement 2nd ed.
260 ## - PUBLICATION, DISTRIBUTION, ETC.
Place of publication, distribution, etc. New Delhi
Name of publisher, distributor, etc. CBS Publishers & Distributors Pvt. Ltd.
Date of publication, distribution, etc. 2025
300 ## - PHYSICAL DESCRIPTION
Extent 491p
365 ## - TRADE PRICE
Price amount Rs. 995.00
942 ## - ADDED ENTRY ELEMENTS (KOHA)
Koha item type Donated Book
Holdings
Withdrawn status Lost status Source of classification or shelving scheme Damaged status Not for loan Home library Current library Date acquired Net Price Bill number Total Checkouts Total Renewals Full call number Barcode Date due Date last seen Date last checked out Bill Date Koha item type Original Barcode
    Dewey Decimal Classification     Smt. Bakul Tambat Institute of Nursing Education Smt. Bakul Tambat Institute of Nursing Education 04/06/2025 995.00 IK#2025-26#550 3 1 AD 610.6 BEE DB1377 BTIN-DB-1377 23/09/2026 27/03/2026 27/03/2026 04/06/2025 Donated Book DB1377